00394nam a2200133Ia 450000500170000000800410001702000150005808200130007310000170008624500530010326000490015630000130020550000420021820250519011221.0240331s9999 xx 000 0 und d a9559569805 bGALa294 aGalmangoda,S 0aAdi baudha darshanaya :bmuula dharma vigrahaya aKadawathabAbaya Printers & Publishersc1994 a239 p ., aA book of Ancient Buddhist Philosophy